000
00278nam a2200109Ia 4500
001
1259638
005
20260417140315.0
008
260417s9999 xx 000 0 und d
020
_a
9799752890007
245
0
_a
İki Yeşil Susamuru
_c
Buket Uzuner
260
_b
Everest Yayınları
999
_c
1259638
_d
1259638